Pokemon TCG: Brilliant Stars cards - Statistics

General Stats
  • This quiz has been taken 20 times
  • The average score is 39 of 216
Answer Stats
Hint Answer % Correct
122/172 (Colorless) | 165/172 (Colorless) | 166/172 (Colorless) Arceus V
56%
123/172 (Colorless) | 176/172 (Colorless) | 184/172 (Colorless) Arceus VSTAR
44%
017/172 (Fire) | 153/172 (Fire) | 154/172 (Fire) Charizard V
44%
024/172 (Fire) Chimchar
44%
032/172 (Water) Corphish
44%
033/172 (Water) Crawdaunt
44%
026/172 (Fire) Infernape
44%
025/172 (Fire) Monferno
44%
006/172 (Grass) Turtwig
44%
120/172 (Colorless) Bidoof
33%
018/172 (Fire) | 174/172 (Fire) Charizard VSTAR
33%
012/172 (Grass) Cherubi
33%
138/172 (Supporter) | 169/172 (Supporter) | 178/172 (Supporter) Cynthia's Ambition
33%
067/172 (Psychic) | TG07/TG30 (Psychic) Dedenne
33%
046/172 (Lightning) Electabuzz
33%
001/172 (Grass) Exeggcute
33%
TG01/TG30 (Fire) Flareon
33%
107/172 (Dragon) Gible
33%
094/172 (Darkness) Grimmsnarl
33%
007/172 (Grass) Grotle
33%
092/172 (Darkness) Impidimp
33%
103/172 (Metal) Klang
33%
102/172 (Metal) Klink
33%
104/172 (Metal) Klinklang
33%
144/172 (Stadium) | 185/172 (Stadium) Magma Basin
33%
145/172 (Supporter) | 171/172 (Supporter) Marnie's Pride
33%
093/172 (Darkness) Morgrem
33%
TG03/TG30 (Water Octillery
33%
035/172 (Water) Piplup
33%
036/172 (Water) Prinplup
33%
048/172 (Lightning) Raikou V
33%
078/172 (Fighting) Riolu
33%
013/172 (Grass) | 152/172 (Grass) Shaymin V
33%
049/172 (Lightning) Shinx
33%
008/172 (Grass) Torterra
33%
064/172 (Psychic) | 160/172 (Psychic) Whimsicott V
33%
110/172 (Dragon) Axew
22%
058/172 (Psychic) Baltoy
22%
130/172 (Supporter) | 167/172 (Supporter) Barry
22%
043/172 (Water) Beartic
22%
121/172 (Colorless) Bibarel
22%
038/172 (Water) Buizel
22%
059/172 (Psychic) Claydol
22%
054/172 (Psychic) Clefable
22%
053/172 (Psychic) Clefairy
22%
137/172 (Stadium) Collapsed Stadium
22%
042/172 (Water) Cubchoo
22%
151/172 (Special Energy) Double Turbo Energy
22%
061/172 (Psychic) Dusclops
22%
060/172 (Psychic) Duskull
22%
TG11/TG30 (Colorless) Eevee
22%
037/172 (Water) Empoleon
22%
022/172 (Fire) Entei V
22%
002/172 (Grass) Exeggutor
22%
039/172 (Water) Floatzel
22%
111/172 (Dragon) Fraxure
22%
140/172 (Supporter) Friends in Galar
22%
108/172 (Dragon) Gabite
22%
109/172 (Dragon) Garchomp
22%
141/172 (Supporter) | TG26/TG30 (Supporter) Gloria
22%
072/172 (Fighting) Hitmontop
22%
TG04/TG30 (Lightning) Jolteon
22%
091/172 (Darkness) Liepard
22%
079/172 (Fighting) Lucario
22%
050/172 (Lightning) Luxio
22%
051/172 (Lightning) Luxray
22%
019/172 (Fire) Magmar
22%
020/172 (Fire) Magmortar
22%
041/172 (Water) Manaphy
22%
070/172 (Psychic) Milcery
22%
068/172 (Psychic) | TG16/TG30 (Psychic) Mimikyu V
22%
069/172 (Psychic) | TG17/TG30 (Psychic) Mimikyu VMAX
22%
073/172 (Fighting) Nosepass
22%
052/172 (Lightning) Pachirisu
22%
147/172 (Supporter) Professor's Research
22%
090/172 (Darkness) Purrloin
22%
014/172 (Grass) | 173/172 (Grass) Shaymin VSTAR
22%
003/172 (Grass) Shroomish
22%
119/172 (Colorless) Staraptor
22%
118/172 (Colorless) Staravia
22%
117/172 (Colorless) Starly
22%
149/172 (Supporter) Team Yell's Cheer
22%
074/172 (Fighting) Trapinch
22%
TG02/TG30 (Water) Vaporeon
22%
075/172 (Fighting) Vibrava
22%
096/172 (Metal) Aggron V
11%
071/172 (Psychic) | TG08/TG30 (Psychic) Alcremie
11%
131/172 (Item) Blunder Policy
11%
132/172 (Supporter) Boss's Orders
11%
004/172 (Grass) Breloom
11%
009/172 (Grass) Burmy
11%
133/172 (Supporter) | TG25/TG30 (Supporter) Cafe Master
11%
116/172 (Colorless) Castform
11%
134/172 (Supporter) | 168/172 (Supporter) | 177/172 (Supporter) Cheren's Care
11%
063/172 (Psychic) Chimecho
11%
135/172 (Item) Choice Belt
11%
128/172 (Colorless) Drampa V
11%
113/172 (Dragon) Druddigon
11%
062/172 (Psychic) | TG06/TG30 (Psychic) Dusknoir
11%
047/172 (Lightning) Electivire
11%
101/172 (Metal) Escavalier
11%
115/172 (Colorless) Farfetch'd
11%
076/172 (Fighting) Flygon
11%
181/172 (Psychic) Galarian Articuno V
11%
183/172 (Darkness) Galarian Moltres V
11%
182/172 (Fighting) Galarian Zapdos V
11%
082/172 (Fighting) Golett
11%
057/172 (Psychic) Granbull
11%
159/172 (Psychic) Granbull V
11%
084/172 (Darkness) Grimer
11%
127/172 (Colorless) Hawlucha
11%
112/172 (Dragon) Haxorus
11%
100/172 (Metal) Heatran
11%
088/172 (Darkness) | 161/172 (Darkness) | 162/172 (Darkness) Honchkrow V
11%
015/172 (Grass) Karrablast
11%
143/172 (Supporter) | 170/172 (Supporter) | 179/172 (Supporter) Kindler
11%
031/172 (Water) Lapras
11%
056/172 (Psychic) Mewtwo
11%
124/172 (Colorless) Minccino
11%
095/172 (Darkness) Morpeko V
11%
085/172 (Darkness) Muk
11%
157/172 (Lightning) Pikachu V
11%
146/172 (Item) Pot Helmet
11%
099/172 (Metal) Probopass
11%
045/172 (Lightning) | 158/172 (Lightning) Raichu V
11%
TG27/TG30 (Supporter) Rapid Strike Style Mustard
11%
TG20/TG30 (Fighting) Rapid Strike Urshifu V
11%
TG21/TG30 (Fighting) | TG30/TG30 (Fighting) Rapid Strike Urshifu VMAX
11%
081/172 (Fighting) Sawk
11%
TG28/TG30 (Supporter) Single Strike Style Mustard
11%
086/172 (Darkness) Sneasel
11%
034/172 (Water) Snorunt
11%
089/172 (Darkness) Spiritomb
11%
055/172 (Psychic) Starmie
11%
030/172 (Water) Staryu
11%
TG14/TG30 (Psychic) Sylveon V
11%
TG15/TG30 (Psychic) Sylveon VMAX
11%
080/172 (Fighting) Throh
11%
023/172 (Fire) Torkoal
11%
126/172 (Colorless) Tornadus
11%
005/172 (Grass) Tropius
11%
150/172 (Item) | 186/172 (Item) Ultra Ball
11%
087/172 (Darkness) Weavile
11%
065/172 (Psychic) | 175/172 (Psychic) Whimsicott VSTAR
11%
105/172 (Metal) | 163/172 (Metal) Zamazenta V
11%
016/172 (Grass) Zarude V
11%
129/172 (Supporter) | TG24/TG30 (Supporter) Acerola's Premonition
0%
097/172 (Metal) Aggron VMAX
0%
TG09/TG30 (Darkness) Ariados
0%
TG13/TG30 (Lightning) Boltund V
0%
125/172 (Colorless) Cinccino
0%
136/172 (Item) Cleansing Gloves
0%
114/172 (Dragon) Dracovish V
0%
044/172 (Water) Eiscue
0%
106/172 (Dragon) | 164/172 (Dragon) Flygon V
0%
139/172 (Item) Fresh Water Set
0%
083/172 (Fighting) Golurk
0%
TG10/TG30 (Darkness) Houndoom
0%
142/172 (Item) Hunting Gloves
0%
028/172 (Water) Kingler V
0%
029/172 (Water) Kingler VMAX
0%
040/172 (Water) | 155/172 (Water) | 156/172 (Water) Lumineon V
0%
021/172 (Fire) Moltres
0%
011/172 (Grass) Mothim
0%
TG12/TG30 (Colorless) Oranguru
0%
148/172 (Supporter) | 172/172 (Supporter) | 180/172 (Supporter) Rosanne's Backup
0%
066/172 (Psychic) Sigilyph
0%
027/172 (Fire) Simisear
0%
TG18/TG30 (Fighting) Single Strike Urshifu V
0%
TG19/TG30 (Fighting) | TG29/TG30 (Fighting) Single Strike Urshifu VMAX
0%
TG22/TG30 (Darkness) Umbreon V
0%
TG23/TG30 (Darkness) Umbreon VMAX
0%
010/172 (Grass) | 077/172 (Fighting) | 098/172 (Metal) Wormadam
0%
TG05/TG30 (Lightning) Zekrom
0%
No matching quizzes found
Score Distribution
Percent of People with Each Score
Percentile by Number Answered
Your Score History
You have not taken this quiz